000 00528nam a2200157Ia 4500
003 Ost
005 20260507075701.0
008 260507s9999||||xx |||||||||||||| ||und||
040 _cfsecg
041 _aara
100 _aالزغلول، احمد على
_eمؤلف
245 0 _aمدخل الى الاحتمالات وتطبيقاتها /
_c احمد على الزغلول
260 _aعمان:
_bدار الفرقان للنشر والتوزيع,
_c2003
653 _aاحتمالات - تطبيقاتها
942 _cكتاب
999 _c45816
_d45816